Crackdown! : (Record no. 83)

MARC details
000 -LEADER
fixed length control field 01025cam a2200313 a 4500
001 - CONTROL NUMBER
control field 16666114
003 - CONTROL NUMBER IDENTIFIER
control field OSt
005 - DATE AND TIME OF LATEST TRANSACTION
control field 20230602110749.0
008 - FIXED-LENGTH DATA ELEMENTS--GENERAL INFORMATION
fixed length control field 110225s2010 enk 000 0aeng
010 ## - LIBRARY OF CONGRESS CONTROL NUMBER
LC control number 2011342341
020 ## - INTERNATIONAL STANDARD BOOK NUMBER
International Standard Book Number 9780954396077
040 ## - CATALOGING SOURCE
Original cataloging agency DLC
Transcribing agency DLC
Modifying agency DLC
042 ## - AUTHENTICATION CODE
Authentication code lcode
-- pcc
043 ## - GEOGRAPHIC AREA CODE
Geographic area code f-ke---
050 00 - LIBRARY OF CONGRESS CALL NUMBER
Classification number DT433.582.M88
Item number A3 2010
082 00 - DEWEY DECIMAL CLASSIFICATION NUMBER
Classification number 070.92
-- B
Edition number 23
100 1# - MAIN ENTRY--PERSONAL NAME
Personal name Mutonya, Njuguna,
Dates associated with a name 1960-
245 10 - TITLE STATEMENT
Title Crackdown! :
Remainder of title a journalist's personal story of Moi era purges (1986-1989) /
Statement of responsibility, etc. by Njuguna Mutonya.
260 ## - PUBLICATION, DISTRIBUTION, ETC. (IMPRINT)
Place of publication, distribution, etc. [London] :
Name of publisher, distributor, etc. JC Press,
Date of publication, distribution, etc. 2010.
300 ## - PHYSICAL DESCRIPTION
Extent 107 p. ;
Dimensions 22 cm.
600 10 - SUBJECT ADDED ENTRY--PERSONAL NAME
Personal name Mutonya, Njuguna,
Dates associated with a name 1960-
General subdivision Imprisonment.
600 10 - SUBJECT ADDED ENTRY--PERSONAL NAME
Personal name Moi, Daniel Arap,
Dates associated with a name 1924-
650 #0 - SUBJECT ADDED ENTRY--TOPICAL TERM
Topical term or geographic name as entry element Journalists
Geographic subdivision Kenya
Form subdivision Biography.
650 #0 - SUBJECT ADDED ENTRY--TOPICAL TERM
Topical term or geographic name as entry element Political prisoners
Geographic subdivision Kenya
Form subdivision Biography.
651 #0 - SUBJECT ADDED ENTRY--GEOGRAPHIC NAME
Geographic name Kenya
General subdivision Politics and government
Chronological subdivision 1978-2002.
906 ## - LOCAL DATA ELEMENT F, LDF (RLIN)
a 7
b cbc
c origode
d 2
e ncip
f 20
g y-gencatlg
942 ## - ADDED ENTRY ELEMENTS (KOHA)
Source of classification or shelving scheme Dewey Decimal Classification
Koha item type Books
Holdings
Withdrawn status Lost status Source of classification or shelving scheme Damaged status Not for loan Home library Current library Date acquired Total Checkouts Full call number Barcode Date last seen Price effective from Koha item type
    Dewey Decimal Classification     Bunge Tower Library Bunge Tower Library 06/02/2023   920.5 MUT 10015525 06/02/2023 06/02/2023 Books
    Dewey Decimal Classification     Bunge Tower Library Bunge Tower Library 06/07/2023   070.92 MUT 10015526 06/07/2023 06/07/2023 Books
LIBRARY OPENING HOURS

When the Parliament is sitting: 8.00a.m - 7.00p.m or until the house adjourns
Mondays and Fridays and when the House is on Recess:  8.00a.m - 5.00p.m
Closed on Weekends and Public Holidays

Online Public Access Catalog (OPAC)
Website: http://www.parliament.go.ke
Bunge Library: https://libraryir.parliament.go.ke
Contact: library@parliament.go.ke | Tel no: (254-2)2221291 or 2848000 Ext 5043